December 2024 Fide top 100 Easy Version - Statistics

General Stats
  • This quiz has been taken 6 times
  • The average score is 27 of 100
Answer Stats
Ranking Answer Rating Federation % Correct
1 Magnus Carlsen 2831 Norway
100%
3 Hikaru Nakamura 2802 Unites States of America
83%
4 Arjun Erigaisi 2801 India
67%
22 Ding Liren 2728 China
67%
2 Fabiano Caruana 2805 United States of America
67%
12 Wesley So 2747 Unites States of America
67%
7 Alireza Firouzja 2763 France
50%
19 Anish Giri 2733 Netherlands
50%
5 Gukesh Dommaraju 2783 India
50%
18 Hans Moke Niemann 2734 United States of America
50%
8 Ian Nepomniachtchi 2755 Russia
50%
14 Jan-Krzysztof Duda 2740 Poland
50%
21 Maxime Vachier-Lagrave 2731 France
50%
6 Nodirbek Abdusattorov 2777 Uzbekistan
50%
17 Praggnanandhaa Rameshbabu 2737 India
50%
25 Richard Rapport 2721 Hungary
50%
16 Shakhriyar Mamedyarov 2738 Azerbaijan
50%
53 Thai Dai Van Nguyen 2673 Czech Republic
50%
10 Viswanathan Anand 2750 India
50%
81 Alexei Shirov 2647 Spain
33%
50 Alexey Sarana 2674 Serbia
33%
26 Aravindh Chithambaram 2718 India
33%
35 Bogdan-Daniel Deac 2696 Romania
33%
40 Daniil Dubov 2693 Russia
33%
55 David Howell 2673 England
33%
63 David Navara 2665 Czech Republic
33%
58 Frederik Svane 2668 Germany
33%
84 Ivan Cheparinov 2646 Bulgaria
33%
46 Javokhir Sindarov 2682 Uzbekistan
33%
48 Jorden Van Foreest 2677 Netherlands
33%
13 Leinier Dominguez Perez 2741 United States of America
33%
76 Matthias Blübaum 2650 Germany
33%
49 Nihal Sarin 2676 India
33%
60 Nodirbek Yakubboev 2668 Uzbekistan
33%
29 Parham Maghsoodloo 2703 Iran
33%
61 Pavel Eljanov 2667 Ukraine
33%
62 Peter Leko 2666 Hungary
33%
67 Radosław Wojtaszek 2658 Poland
33%
32 Ray Robson 2700 United States of America
33%
56 Sam Shankland 2672 United States of America
33%
36 Samuel Sevian 2696 United States of America
33%
27 Veselin Topalov 2717 Bulgaria
33%
20 Vincent Keymer 2733 Germany
33%
28 Vladimir Fedoseev 2709 Slovenia
33%
31 Vladislav Artemiev 2701 Russia
33%
9 Wei Yi 2753 China
33%
80 Aleksandar Inđić 2647 Serbia
17%
41 Alexander Grischuk 2689 Russia
17%
71 Alexander Morozevich 2655 Russia
17%
37 Amin Tabatabaei 2695 Iran
17%
79 Andrei Volokitin 2649 Ukraine
17%
45 Andrey Esipenko 2681 Russia
17%
75 Bassem Amin 2652 Egypt
17%
72 Benjámin Gledura 2653 Hungary
17%
68 Boris Gelfand 2657 Israel
17%
44 Bu Xiangzhi 2684 China
17%
96 Daniel Dardha 2639 Belgium
17%
94 Daniil Yuffa 2640 Spain
17%
52 David Antón Guijarro 2673 Spain
17%
38 Dmitry Andreikin 2695 Russia
17%
77 Ernesto Inarkiev 2650 Russia
17%
88 Etienne Bacrot 2645 France
17%
100 Francisco Vallejo Pons 2638 Spain
17%
97 Gawain Jones 2639 England
17%
73 Grigoriy Oparin 2653 United States of America
17%
70 Haik Martirosyan 2656 Armenia
17%
57 Ivan Saric 2669 Croatia
17%
66 Johan-Sebastian Christiansen 2661 Norway
17%
90 Jonas Buhl Bjerre 2642 Denmark
17%
74 Kirill Shevchenko 2653 Romania
17%
15 Le Quang Liem 2739 Vietnam
17%
11 Levon Aronian 2747 Unites States of America
17%
99 Ma Qun 2638 China
17%
89 Max Warmerdam 2643 Netherlands
17%
65 Michael Adams 2662 England
17%
78 Ni Hua 2649 China
17%
59 Nikita Vitiugov 2668 England
17%
93 Nils Grandelius 2641 Sweden
17%
39 Pentala Harikrishna 2695 India
17%
34 Peter Svidler 2698 Russia
17%
69 Rauf Mamedov 2656 Azerbaijan
17%
43 Rustam Kasimdzhanov 2685 Uzbekistan
17%
85 Shant Sargsyan 2646 Armenia
17%
82 S. L. Narayanan 2647 India
17%
33 Teimour Radjabov 2698 Azerbaijan
17%
23 Vidit Santosh Gujrathi 2727 India
17%
92 Vladimir Malakhov 2642 Russia
17%
30 Wang Hao 2703 China
17%
95 Wang Yue 2640 China
17%
24 Yu Yangyi 2724 China
17%
86 Abhimanyu Puranik 2646 India
0%
42 Awonder Liang 2687 United States of America
0%
98 Dmitrij Kollars 2638 Germany
0%
54 Kirill Alekseenko 2673 Russia
0%
91 Leon Luke Mendonca 2642 India
0%
87 Nguyễn Ngọc Trường Sơn 2646 Vietnam
0%
51 Raunak Sadhwani 2673 India
0%
83 Sanan Sjugirov 2646 Hungary
0%
47 Shamsiddin Vokhidov 2681 Uzbekistan
0%
64 Volodar Murzin 2664 Russia
0%
No matching quizzes found
Score Distribution
Percent of People with Each Score
Percentile by Number Answered
Your Score History
You have not taken this quiz